000 00462nam a2200157Ia 4500
008 240729s9999 xx 000 0 und d
022 _a2772-6029
245 0 _aIndian Journal of Ayurveda and Integrative Medicine KLEU
260 _aIndia
260 _bWolters Kluwer Medknow Publications
650 _a Other systems of medicine
650 _aMedicine
856 _uhttps://doaj.org/toc/b044d1875dbf4d05972333c1b6adcdf7
942 _2ddc
942 _cDOAJEJ
999 _c68317
_d68317
945 _a1
_bMadushi Gamage
_c1
_dMadushi Gamage